Mechanizmy verejnej voľby a verejný sektor

Salvato in:
Dettagli Bibliografici
Autore principale: Čaplánová, Anetta, 1967-
Natura: Libro
Lingua:slovacco
Pubblicazione: Bratislava ŠEVT 2006
Soggetti:
Tags: Aggiungi Tag
Nessun Tag, puoi essere il primo ad aggiungerne!!

MARC

LEADER 00000nam$a2200000$$$4500
001 0053421
005 20240502071622.0
020 |a 978-80-88707-85-1 
041 0 |a slo 
044 |a SK 
245 1 0 |a Mechanizmy verejnej voľby a verejný sektor  |c Anetta Čaplánová 
264 1 |a Bratislava  |b ŠEVT  |c 2006 
300 |a 84 s. 
610 2 0 |a sektor verejný 
610 2 0 |a sektor súkromný 
610 2 0 |a voľby 
610 2 0 |a politika vnútorná 
610 2 0 |a strany politické 
100 1 |a Čaplánová, Anetta, 1967-